Justuju Kya Hai? / جستجو کیا ہے؟ (Record no. 532161)

000 -LEADER
fixed length control field 00404nam a22001577a 4500
003 - CONTROL NUMBER IDENTIFIER
control field NUST
005 - DATE AND TIME OF LATEST TRANSACTION
control field 20191111141718.0
008 - FIXED-LENGTH DATA ELEMENTS--GENERAL INFORMATION
fixed length control field 191111b ||||| |||| 00| 0 eng d
038 ## - RECORD CONTENT LICENSOR
Staff Name MSOHAIL
082 ## - DEWEY DECIMAL CLASSIFICATION NUMBER
Classification number 920.02
100 ## - MAIN ENTRY--PERSONAL NAME
Personal name Intizar Hussain
9 (RLIN) 9473
245 ## - TITLE STATEMENT
Title Justuju Kya Hai? / جستجو کیا ہے؟
260 ## - PUBLICATION, DISTRIBUTION, ETC.
Place of publication, distribution, etc. Lahore
Name of publisher, distributor, etc. Sang-e-Meel Publications
Date of publication, distribution, etc. c2011
300 ## - PHYSICAL DESCRIPTION
Extent p;296
942 ## - ADDED ENTRY ELEMENTS (KOHA)
Source of classification or shelving scheme
Koha item type Book
Holdings
Withdrawn status Lost status Source of classification or shelving scheme Damaged status Not for loan Permanent Location Current Location Date acquired Total Checkouts Full call number Barcode Date last seen Price effective from Koha item type
          School of Civil and Environmental Engineering (SCEE) School of Civil and Environmental Engineering (SCEE) 11/11/2019   920.02 NIT-12077 11/11/2019 11/11/2019 Book
© 2023 Central Library, National University of Sciences and Technology. All Rights Reserved.